Регионална библиотека "Любен Каравелов" - Русе

Весела азбука за най-малките (Запис номер 211765)

MARC детайли
000 -Лидер
Контролно поле с фиксирана дължина 01768nkm a2200433 c 4500
003 - Код на организацията, давaща контролен номер
Контролно поле BLK
005 - Дата и час на последна редакция
Контролно поле 20241129115453.0
008 - Елементи от данни с фиксирана дължина
fixed length control field 180413b bul rap|r|||| r0| ||bulo|
010 ## - Наследен системен номер
LC control number KNG00188691000
020 ## - Международен стандартен номер на книга ISBN
Международен стандартен номер на книга ISBN 978-954-660-076-9
040 ## - Източник на каталожния запис
Идентификатор на билиотеката - собственик на записа BLK
041 ## - Код за език
Код за езика на текст/звукозапис или на отделно заглавие Български
Код за езика КДБФ Български
072 #7 - Код за тематичната категория
Код организация bullib
Код за тематична категория Н86
Текст Детска отраслова литература Н
080 ## - УДК
Текстов определител УДК Основи на четенето. Методи на обучение в четенето
УДК код - определител по УДК 372.41
УДК - код + определител 372.41
080 ## - УДК
Текстов определител УДК Занимания в предучилищна възраст
УДК код - определител по УДК 372.3
УДК - код + определител 372.3
080 ## - УДК
Текстов определител УДК Издания за деца и юноши. Книжки-картинки. Читанки. Вж и 372.4
УДК код - определител по УДК 087.5
УДК - код + определител 087.5
139 ## - Редно поле
Редна дума Весела азбука за най-малките
Авторски знак Вес - В 51
245 10 - Сведения за заглавието
Заглавие Весела азбука за най-малките
Редно поле (дума) худож. Кирил Танев Танев.
257 ## - Страна на издаване
Страна на създаване/издаване България
260 ## - Област на издателските данни
Име на издателя, разпространителя и проч. ПАН
Година на издаване 2011
Печатница София : Циан
300 ## - Физическа характеристика
Страници 24 с.
Илюстрации и др. с цв. ил.
Размери/Мащаб 17 см
380 ## - Жанр
Жанр Детска отраслова лит.
500 ## - Общи забележки
Забележка Кор. опис. - Името на ил. отбелязано в изд. каре.
650 #4 - Допълнително описание по предмет – тема
Основно описание – тема или топоним Азбука
9 (RLIN) 146594
650 #4 - Допълнително описание по предмет – тема
Основно описание – тема или топоним Книжки-картинки
9 (RLIN) 267880
653 ## - Ключова дума – ненормативна
Ключова дума азбука
653 ## - Ключова дума – ненормативна
Ключова дума книжки-картинки
653 ## - Ключова дума – ненормативна
Ключова дума литература за деца
653 ## - Ключова дума – ненормативна
Ключова дума детска литература
659 ## - Тематичен бюлетин
Тематичен бюлетин Н
700 1# - Други автори (авторска отговорност)
Лично име Танев, Кирил Танев
Автороска отговорност (Описва отношението между автора и произведението) худож.
9 (RLIN) 378444
852 ## - Местоположение
Форматна сигнатура Цб І 39184
856 4# - Електронен адрес и достъп
Електронен формат pdf - файл
Път до файла /url/
856 4# - Електронен адрес и достъп
Електронен формат pdf - файл
Път до файла /url/
999 ## - СИСТЕМНИ КОНТРОЛНИ НОМЕРА
Koha biblionumber 211765
Koha biblioitemnumber 211765
942 ## - АРТИКУЛИ
Вид на библиотечния материал Графични издания
Скрит в OPAC Не
Koha issues (borrowed), all copies 4
Периодичен библиозапис Да
944 ## - СЪЗДАВАНЕ И РЕДАКЦИЯ на ЗАПИСА
Създаване/Редакция Създаване
Дата на регистрацията/редакция 24.06.2016
Статус, дата на статуса Ива Цветкова
Служител, извършил регистрацията/редакцията 30543
944 ## - СЪЗДАВАНЕ И РЕДАКЦИЯ на ЗАПИСА
Създаване/Редакция Редакция
Дата на регистрацията/редакция 23.12.2016
Статус, дата на статуса ф /
Служител, извършил регистрацията/редакцията Людмила_Стоянова
999 ## - СИСТЕМНИ КОНТРОЛНИ НОМЕРА
Koha biblioitemnumber 211765
Наличности
Код за отписване Код за изгубен артикул Източник на класификационната схема Код за повреда Коз за рестрикции Код за отдаване Артикулен № Име на библиотеката - собственик Име на библиотеката, в която се намира в момента Статус (Текущо местоположение) Дата на вписване в системата Местоположение - отдел Цена в лева Инвентарен номер Систематично азбучна сигнатура Баркод Номер на екземпляра Цена в евро Служебна бележка Служебен тип на артикула
  Не е изгубен Universal Decimal Classification Не е повреден без рестрикции ползва се в читалня 363714 Регионална библиотека "Любен Каравелов" Русе Регионална библиотека "Любен Каравелов" Русе Хранилище 2016-06-24 Хранилище 1.20 120000801549 Цб І 39184 120000801549 1 0.61 Дост: Dp Вид: Д N: 20 Дата: 15.04.2016 Графични издания
  Не е изгубен Universal Decimal Classification Не е повреден без рестрикции заемане за дома 363715 Регионална библиотека "Любен Каравелов" Русе Регионална библиотека "Любен Каравелов" Русе Детски отдел 2016-12-21 Детски отдел 1.20 120000806706 ДН 373.3.016:028/В 51 120000806706 2 0.61 Дост: Pk Вид: Ф N: 475 Дата: 19.12.2016 Графични издания
  Не е изгубен   Не е повреден без рестрикции заемане за дома 363716 Регионална библиотека "Любен Каравелов" Русе Регионална библиотека "Любен Каравелов" Русе Детски отдел 2016-12-21 Детски отдел 1.20 120000806707 ДН 372.41/В 51 120000806707 3 0.61 Дост: Pk Вид: Ф N: 475 Дата: 19.12.2016 Графични издания
Vip Innovations Ltd, Rousse, Bulgaria 2025